| 000 | 00996pab a2200169 454500 | ||
|---|---|---|---|
| 008 | 180718b1998 xxu||||| |||| 00| 0 eng d | ||
| 100 | _aZoreda-Lozano, Juan J. | ||
| 245 | _aCritical issues in urban technologies for sustainable development: the case of water infrastructure in Mexico city | ||
| 260 | _c1998 | ||
| 300 | _ap.157-69 | ||
| 362 | _aSummer | ||
| 520 | _aThis paper presents a general approach to the structural links between urban technologies for water use and sustainable development in Mexico city. These links belong to the public domain and are sufficiently generalizable so as to be expanded and modified to suit other technologies in similar contexts. They offer a convenient backdrop against which to meaningfully address critical technological issues that affect the performance of urban settlements as well as their biophysical environments. - Reproduced | ||
| 650 | _aWater supply | ||
| 700 | _aCastaneda, Victor | ||
| 773 | _aPolicy Studies Review | ||
| 909 | _a38285 | ||
| 999 |
_c38285 _d38285 |
||